000 03720nam a2200553 i 4500
003 IT-RoINE
005 20180223055206.0
008 031003m19621979gw r 001 | ger d
020 _a3451140225 (v. 6.2)
020 _a3451140233 (v. 7)
020 _a3451140241 (v. 2.2)
020 _a3451140128 (v. 2.1)
040 _aPUG
_dIT-RoINE
245 0 0 _aHandbuch der Kirchengeschichte /
_cherausgegeben von Hubert Jedin.
260 _aFreiburg ;
_aBasel ;
_aWien :
_bHerder,
_c1962-1979.
300 _a7 t. en 10 v. ;
_c25 cm.
336 _2rdacontent
_atext
337 _2rdamedia
_aunmediated
338 _2rdacarrier
_avolume
504 _aIncluye referencias biblográficas e índices
505 0 _at. 1: Von der Urgemeinde zur frühchristlichen Grosskirche / von Karl Baus. 1962. -- t. 2.1: Die Reichskirche nach Konstantin dem Grossen. Die Kirche von Nikaia bis Chalkedon / von Karl Baus, Eugen Ewig. 1973. -- t. 2.2: Die Reichskirche nach Konstantin dem Grossen. Die Kirche in Ost und West von Chalkedon bis zum Frühmittelalter (451-700) / von Karl Baus ... [et al.]. 1975. -- t. 3.1: Die mittelalterliche Kirche. Vom kirchlichen Frühmittelalter zur gregorianischen Reform / von Friedrich Kempf ... [et al.]. 1966. -- t. 3.2: Die mittelalterliche Kirche. Vom kirchlichen Hochmittelalter bis zum Vorabend der Reformation / von Hans-Georg Beck ... [et al.]. 1968. -- t. 4: Reformation Katholische Reform und Gegenreformation / von Erwin Iserloh, Josef Glazik, Hubert Jedin. 1967. -- t. 5: Die Kirche im Zeitalter des Absolutismus und der Aufklärung / von Wolfgang Müller ... [et al.]. 1970. -- t. 6.1: Die Kirche in der Gegenwart. Die Kirche zwischen Revolution und Restauration / von Roger Aubert ... [et al.]. 1971. -- t. 6.2: Die Kirche in der Gegenwart. Die Kirche zwischen Anpassung und Widerstand (1878 bis 1914) / von Roger Aubert ... [et al.]. 1973. -- t. 7: Die Weltkirche im 20.Jahrhundert / von Gabriel Adriányi ... [et al.]. 1979.
610 2 4 _91635
_aIglesia Católica
_xHistoria
700 1 _aJedin, Hubert,
_d1900-1980
_95974
700 1 _aRepgen, Konrad,
_d1923-
_95975
700 2 _aBaus, Karl,
_920717
_d1904-1994
700 1 _aGlazik, Josef,
_cM.S.C.
_920727
700 1 _aIserloh, Erwin,
_d1915-1996
_920728
700 1 _aAldea Vaquero, Quintín,
_cS.I.,
_d1920-2012
_96081
700 1 _aAdriányi, Gabriel,
_920730
_d1935-
700 1 _aEwig, Eugen,
_d1913-2006
_920731
700 1 _aKempf, Friedrich,
_cS.I.,
_d1908-2002
_920732
700 1 _aBeck, Hans-Georg,
_cS.I.,
_d1910-1999
_920733
700 1 _aMüller, Wolfgang,
_d1905-1983
_920734
700 1 _920726
_aAubert, Roger,
_d1914-2009
740 4 0 _aDie Weltkirche im 20. Jahrhundert.
740 4 0 _aDie Kirche in der Gegenwart.
740 4 0 _aDie Kirche im Zeitalter des Absolutismus und der Aufklärung.
740 0 0 _aReformation Katholische Reform und Gegenreformation.
740 4 0 _aDie mittelalterliche Kirche.
740 4 0 _aDie Reichskirche nach Konstantin dem Grossen.
740 0 0 _aVon der Urgemeinde zur frühchristlichen Grosskirche.
740 4 2 _aDie Reichskirche nach Konstantin dem Grossen.
_pDie Kirche von Nikaia bis Chalkedon.
740 4 0 _aDie Kirche in der Gegenwart.
_pDie Kirche zwischen Anpassung und Widerstand (1878 bis 1914)
740 4 0 _aDie Kirche in der Gegenwart.
_pDie Kirche zwischen Revolution und Restauration.
740 4 0 _aDie mittelalterliche Kirche.
_pVom kirchlichen Hochmittelalter bis zum Vorabend der Reformation.
740 4 0 _aDie mittelalterliche Kirche.
_pVom kirchlichen Frühmittelalter zur gregorianischen Reform.
740 4 0 _aDie Reichskirche nach Konstantin dem Grossen.
_pDie Kirche in Ost und West von Chalkedon bis zum Frühmittelalter (451-700)
942 _cMTS
999 _c10001
_d10001